000 00213 a2200097 4500
001 30519
100 _aAmjad
245 _aTaleem Key Nizriati assas
260 _aRawalpindi
_bNadeem Pub
_c
090 _c20450
_d20450
942 _aNUST-CAE
_cM
_c11615
999 _c265592
_d265592